Журнал регистрации исходящих бумаг Управления делами Совнаркома с № 21400-21757 и с № 1-2954

Доступно только в Электронных читальных залах Найти на картеНа карте
RUSMARC
00003895nac2a22002771x 450
0016e67c533-d6bd-4860-b4da-c4355a07cf20
00520160601111709.0
100##$a20160321l19201921k y0rusy50 ca
1010#$arus
102##$aRU
105##$ay z |||||
1222#$ad19201206
$ad19210329
2001#$aЖурнал регистрации исходящих бумаг Управления делами Совнаркома с № 21400-21757 и с № 1-2954
$j6 декабря 1920 - 29 марта 1921
215##$a172 листа
251##$cДело
300##$aРукописный текст
300##$aЗаголовок дела на папке: Журнал регистрации исходящих бумаг Совнаркома с № 21400-21757 и с № 1-2954
330##$aВходит в раздел описи: Протоколы Малого Совета Народных Комиссаров. 1920 год
461#0$1001ad6baeac-e292-4829-90d1-2f4f65796a62
$12001
$aСОВЕТ НАРОДНЫХ КОМИССАРОВ РСФСР (СНК РСФСР)
$1251
$cФонд
$1852
$j130
$gР
462#0$10017393eac8-aea5-4181-b014-0a5beab45138
$12001
$a1920 г.
$vД. 805
$1251
$cОпись
$1852
$j4
5171#$aЖурнал регистрации исходящих бумаг Совнаркома с № 21400-21757 и с № 1-2954
60101$3RU\NLR\AUTH\661074810
$aРСФСР
$bСовет Народных Комиссаров
60102$aСовет народных комиссаров РСФСР. Управление делами
801#0$aRU
$bGA_RF
801#1$aRU
$bНПО Опыт
$c20160321
$2rusmarc
801#2$aRU
$bПБ им. Б.Н. Ельцина
$c20160601
$gRCR
$2rusmarc
852##$aГА РФ
$j805
937##$d75922958
$hПБ
035##$aRuPRLIB51037260
Формат отображения